Les personnages d'Harry Potter - Statistiques

Statistiques générales
  • Ce quiz a été pris 625 fois
  • Le résultat moyen est 32 sur 60
Statistiques - réponses
Indice Prenom % Correct
H Harry
100%
H Hermione
98%
A Albus
91%
S Severus
89%
R Ron
88%
M Minerva
85%
L Luna
83%
N Neville
83%
S Sirius
83%
F Fred
81%
G George
81%
D Drago
80%
G Ginny
80%
V Voldemort
80%
R Remus
78%
R Rubeus
77%
J James
76%
M Molly
75%
L Lily
74%
A Arthur
73%
B Bellatrix
73%
L Lucius
73%
P Percy
68%
F Fleur
67%
N Narcissa
62%
P Peter
62%
C Charlie
61%
C Cho
59%
S Seamus
59%
D Dolores
55%
N Nymphadora
54%
D Dobby
52%
X Xenophilius
52%
V Viktor
51%
F Filius
49%
L Lavande
44%
H Horace
43%
V Vincent
43%
P Petunia
42%
P Parvati
38%
H Hedwige
35%
A Argus
32%
I Igor
31%
O Olivier
30%
C Colin
29%
S Salazar
29%
R Rita
26%
M Mimi
24%
A Amos
23%
L Lee
23%
N Nagini
23%
F Fenrir
22%
B Bathilda
20%
B Blaise
15%
E Ernie
15%
B Bartemius
14%
T Teddy
13%
S Susan
10%
T Touffu
6%
P Penelope
4%
Aucun quiz correspondant
Distribution des résultats
% des personnes avec chaque résultat
Percentile par nombre de réponses
Votre historique - résultats
Vous n’avez pas pris ce quiz